<?xml version="1.0" encoding="UTF-8"?>
<record
    xmlns:xsi="http://www.w3.org/2001/XMLSchema-instance"
    xsi:schemaLocation="http://www.loc.gov/MARC21/slim http://www.loc.gov/standards/marcxml/schema/MARC21slim.xsd"
    xmlns="http://www.loc.gov/MARC21/slim">

  <leader>02142nam a2200241Ia 4500</leader>
  <controlfield tag="001">b6007-41339 </controlfield>
  <controlfield tag="003">IT-MiCISF</controlfield>
  <controlfield tag="005">20240925145118.0</controlfield>
  <controlfield tag="008">161014s9999||||xx |||||||||||||| ||und||</controlfield>
  <datafield tag="040" ind1=" " ind2=" ">
    <subfield code="a">IT-MiCISF</subfield>
    <subfield code="c">IT-MiCISF</subfield>
  </datafield>
  <datafield tag="041" ind1=" " ind2=" ">
    <subfield code="a">it</subfield>
  </datafield>
  <datafield tag="100" ind1=" " ind2=" ">
    <subfield code="a">Luberti Roberta,  Biancardi Maria Teresa (a cura di)</subfield>
    <subfield code="9">59924</subfield>
  </datafield>
  <datafield tag="245" ind1=" " ind2="0">
    <subfield code="a">La violenza assistita intrafamiliare.</subfield>
    <subfield code="b">Percorsi di aiuto per bambini che vivono in famiglie violente</subfield>
  </datafield>
  <datafield tag="260" ind1=" " ind2=" ">
    <subfield code="a"> Milano, </subfield>
    <subfield code="b">Franco Angeli, </subfield>
    <subfield code="c">2005</subfield>
  </datafield>
  <datafield tag="300" ind1=" " ind2=" ">
    <subfield code="a">pp. 299</subfield>
  </datafield>
  <datafield tag="500" ind1=" " ind2=" ">
    <subfield code="a">violenza-in-famiglia, prevenzione, abuso-di-minore, abuso-coniugale, servizi-sociali, diritto, consulenza, comunit&#xE0;-alloggio, case-studies, terapia, legislazione </subfield>
  </datafield>
  <datafield tag="520" ind1=" " ind2=" ">
    <subfield code="a">Con l'espressione "violenza assistita" - traduzione dell'inglese witnessing violence - si indicano quegli atti di violenza (fisica, psicologica, sessuale ed economica) compiuti su figure affettive di riferimento, di cui il bambino pu&#xF2; fare esperienza e di cui pu&#xF2; patire successivamente gli effetti. Affrontando tutte le principali tematiche connesse al fenomeno e integrando riflessione teorica ed esperienza sul campo, il volume si propone di fornire conoscenze e strumenti utili agli operatori socio-psico-sanitari, educativi e giudiziari che operano nel settore della tutela minorile. Le analisi degli esperti mettono in luce che l'attenzione alle conseguenze traumatiche cui sono esposti i bambini non pu&#xF2; essere considerata solo come un optional dell'intervento: la presentazione di casi clinici consente al lettore di verificare nel concreto le ricadute drammatiche dei gesti e degli stili familiari violenti a cui i piccoli, come semplici spettatori, assistono da una posizione di invisibilit&#xE0;, quindi senza difese e senza protezioni.</subfield>
  </datafield>
  <datafield tag="650" ind1=" " ind2=" ">
    <subfield code="a">maltrattamenti-violenza</subfield>
    <subfield code="e">001</subfield>
    <subfield code="9">59925</subfield>
  </datafield>
  <datafield tag="654" ind1=" " ind2=" ">
    <subfield code="a">saggio</subfield>
  </datafield>
  <datafield tag="700" ind1=" " ind2=" ">
    <subfield code="a">Livi Bacci N., Luberti R., Pedrocco Biancardi M.T., Mian M., Black D., Moscati F., Diano D., Bruno T., Braccini M., Carini A.,</subfield>
    <subfield code="a">Humphreys C., Bertotti T., Bianchi D., Pinna A., Ronfani A.C., Abram D., Marcassa A., Pachi A., Schena I., Gondolfi E.W. </subfield>
    <subfield code="9">59926</subfield>
  </datafield>
  <datafield tag="942" ind1=" " ind2=" ">
    <subfield code="c">BK</subfield>
    <subfield code="2">ddc</subfield>
  </datafield>
  <datafield tag="999" ind1=" " ind2=" ">
    <subfield code="c">211078</subfield>
    <subfield code="d">211078</subfield>
  </datafield>
  <datafield tag="999" ind1=" " ind2=" ">
    <subfield code="b">si</subfield>
  </datafield>
  <datafield tag="952" ind1=" " ind2=" ">
    <subfield code="0">0</subfield>
    <subfield code="1">0</subfield>
    <subfield code="4">0</subfield>
    <subfield code="6">B_600741339</subfield>
    <subfield code="7">1</subfield>
    <subfield code="a">CISF</subfield>
    <subfield code="b">CISF</subfield>
    <subfield code="d">2016-10-14</subfield>
    <subfield code="l">0</subfield>
    <subfield code="o">b6007-41339 </subfield>
    <subfield code="r">2016-10-14 00:00:00</subfield>
    <subfield code="w">2016-10-14</subfield>
    <subfield code="y">BK</subfield>
    <subfield code="z">Data import 15.10.2016 / by Epidotti, Vaglietti</subfield>
  </datafield>
</record>
